[Event "Pforzheim2"]
[Site "Pforzheim"]
[Date "2005.10.29"]
[Round "3"]
[White "Selensky, Stefan"]
[Black "Leistner, Samuel"]
[Result "0-1"]
[WhiteElo "967"]
[BlackElo "1030"]
[PlyCount "98"]
[EventDate "2005.10.29"]
[EventType "tourn"]
[EventRounds "9"]
[EventCountry "GER"]
[SourceTitle "EXT 2007"]
[Source "ChessBase"]
[SourceDate "2006.11.23"]
[SourceVersion "1"]
[SourceVersionDate "2006.11.23"]
[SourceQuality "1"]

1. e4 e5 2. f4 exf4 3. Nf3 Nf6 4. d4 Nxe4 5. Bxf4 Qe7 6. Qe2 d6 7. Nc3 f5 8. Nd5 Qd7 9. 0-0-0 Be7 10. Nd2 c6 11. Nxe4 fxe4 12. Nc3 d5 13. Qh5+ g6 14. Qe5 0-0 15. Bh6 Bf6 16. Qg3 Bg7 17. Bxg7 Qxg7 18. Qe5 Qxe5 19. dxe5 Re8 20. Be2 Rxe5 21. Rdf1 d4 22. Na4 b5 23. Rf4 bxa4 24. Rhf1 Nd7 25. Bc4+ Kh8 26. h4 Bb7 27. Rf7 Rd8 28. g4 e3 29. Kd1 c5 30. h5 Bd5 31. Bxd5 e2+ 32. Ke1 exf1Q+ 33. Kxf1 Rxd5 34. c4 Ne5 35. Re7 Rf8+ 36. Kg2 Nc6 37. Rb7 Re5 38. h6 Re2+ 39. Kh3 Rf3+ 40. Kh4 Ne7 41. b3 d3 42. Rd7 d2 43. a3 Rf1 44. b4 d1Q 45. Rxd1 Rxd1 46. bxc5 Rh1+ 47. Kg3 Rf1 48. Kh3 g5 49. c6 Rf3# 0-1

[Event "Pforzheim2"]
[Site "Pforzheim"]
[Date "2005.10.29"]
[Round "1"]
[White "Selensky, Stefan"]
[Black "Waidelich, Dominik"]
[Result "0-1"]
[WhiteElo "967"]
[BlackElo "1463"]
[PlyCount "80"]
[EventDate "2005.10.29"]
[EventType "tourn"]
[EventRounds "9"]
[EventCountry "GER"]
[SourceTitle "EXT 2007"]
[Source "ChessBase"]
[SourceDate "2006.11.23"]
[SourceVersion "1"]
[SourceVersionDate "2006.11.23"]
[SourceQuality "1"]

1. e4 e5 2. f4 d6 3. Nf3 Nc6 4. d3 Bg4 5. Be2 Be7 6. Nc3 f5 7. 0-0 Qd7 8. Be3 Nf6 9. h3 Bh5 10. d4 fxe4 11. dxe5 exf3 12. Bxf3 Bxf3 13. Rxf3 dxe5 14. Qxd7+ Nxd7 15. Nd5 0-0-0 16. Rd1 Bc5 17. Bxc5 Nxc5 18. fxe5 Nxe5 19. Re3 Ng6 20. Ree1 c6 21. Nc3 Rxd1 22. Rxd1 Rd8 23. Rf1 Rf8 24. Re1 Kd7 25. b4 Ne6 26. Ne4 b6 27. c3 Re8 28. Kf1 c5 29. a3 h6 30. g4 Ng5 31. Nxg5 Rxe1+ 32. Kxe1 hxg5 33. Kd2 Nf4 34. Kc2 Nxh3 35. Kb3 Nf2 36. Ka4 Nxg4 37. Kb5 cxb4 38. axb4 Ne5 39. Ka6 g4 40. Kxa7 Kc7 0-1